Central Library OPAC University of Rajshahi

Lenin's agrarian programmes for the three Russian revolutions / (Record no. 3435)

MARC details
000 -LEADER
fixed length control field 01250cam a2200301 a 4500
001 - CONTROL NUMBER
control field 3435
003 - CONTROL NUMBER IDENTIFIER
rucl marc code BD-RjUL
005 - DATE AND TIME OF LATEST TRANSACTION
control field 20211208233730.0
008 - FIXED-LENGTH DATA ELEMENTS--GENERAL INFORMATION
fixed length control field 131219s1981 ru a b 001 0 eng d
035 ## - SYSTEM CONTROL NUMBER
System control number (BD-RjUL)3469
040 ## - CATALOGING SOURCE
Original cataloging agency DLC
Transcribing agency DLC
Modifying agency DLC
-- (BD-RjUL)
Language of cataloging eng
041 1# - LANGUAGE CODE
Language code of text/sound track or separate title engrus
082 00 - DEWEY DECIMAL CLASSIFICATION NUMBER
Classification number 333.3147
Edition number 19
Author mark and year TRL
100 1# - MAIN ENTRY--PERSONAL NAME
Personal name Trapeznikov, S. P.
Fuller form of name (Sergeĭ Pavlovich)
9 (RLIN) 10794
245 10 - TITLE STATEMENT
Title Lenin's agrarian programmes for the three Russian revolutions /
Statement of responsibility, etc. S.P. Trapeznikov.
260 ## - PUBLICATION, DISTRIBUTION, ETC. (IMPRINT)
Place of publication, distribution, etc. Moscow :
Name of publisher, distributor, etc. Progress Publishers,
Date of publication, distribution, etc. c1981.
300 ## - PHYSICAL DESCRIPTION
Pagination 517 p. :
Illustrations ill. ;
Size 22 cm.
490 1# - SERIES STATEMENT
Series statement Leninism and the agrarian and peasant question / S.P. Trapeznikov ;
Volume/sequential designation v. 1
500 ## - GENERAL NOTE
General note Translation of: Leninskie agrarnye programmy v trekh russkikh revoli︠u︡t︠s︡ii︠a︡kh.
504 ## - BIBLIOGRAPHY, ETC. NOTE
Bibliography, etc Includes bibliographical references and index.
600 10 - SUBJECT ADDED ENTRY--PERSONAL NAME
Personal name Lenin, Vladimir Ilʹich,
Dates associated with a name 1870-1924.
610 20 - SUBJECT ADDED ENTRY--CORPORATE NAME
Corporate name or jurisdiction name as entry element Rossiĭskai︠a︡ sot︠s︡ial-demokraticheskai︠a︡ rabochai︠a︡ partii︠a︡.
650 #0 - SUBJECT ADDED ENTRY--TOPICAL TERM
Topical term or geographic name as entry element Land tenure
Geographic subdivision Soviet Union
General subdivision History.
9 (RLIN) 10797
942 ## - ADDED ENTRY ELEMENTS (KOHA)
Source of classification or shelving scheme Dewey Decimal Classification
Koha item type Books
Holdings
Lost status Source of classification or shelving scheme Materials specified (bound volume or other part) Damaged status Not for loan Collection code Permanent Location Current Location Shelving location Date acquired Source of acquisition Total Checkouts Full call number Date last seen Copy number Koha item type
  Dewey Decimal Classification V-1   Not For Loan Non-fiction Central Library, University of Rajshahi Central Library, University of Rajshahi Reading Room 20/03/1986 U.S.S.R Gift   333.3147 TRL 1981 19/12/2013 C-1 Books